000 01065nam a2200265Ia 4500
003 OSt
005 20200728172943.0
008 191128s2008 ck fr 000 0dspa d
020 _a9586537391
040 _aCO-JMCR
_cCO-JMCR
041 1 _aspa
_heng
082 0 4 _a341.484 /
_bR631p
_223
100 1 _aRohatgi, Roy,
_eautor
_98014
245 1 0 _aPrincipios básicos de tributación internacional /
_cRoy Rohatgi ; traducción de Juan Manuel Idrovo
250 _aPrimera edición
260 _aBogotá :
_bLegis,
_c2008
300 _axix, 699 páginas ;
_c25 cm.
500 _aIncluye datos biográficos del autor en solapa posterior.
505 0 _aUna visión general de la tributación internacional -- Principios de derecho tributario internacional -- Modelos de convenciones para evitar la doble tributación -- Impactos de los sistemas tributarios internos
546 _aTraducción del inglés.
650 1 4 _aSistemas tributarios
_98015
650 1 4 _aDerecho tributario
_98016
700 1 _aIdrovo, Juan Manuel,
_etraductor
_98017
942 _2ddc
_cBK
999 _c6380
_d6380